000
00434nam a2200145Ia 4500
008
100204s9999 xx 000 0 und d
082
_b
1061
100
_a
बोरकर विष्णू जयवंत
245
_a
जिराफ
260
_b
"विश्वमोहिनी प्रकाशन , पुणे"
_c
1976
300
_a
180
630
_a
जिराफ
730
_a
जिराफ
942
_c
BOOK
999
_c
447103
_d
447100